[Event "Druzynowe Mistrzostwa Polski Juniorow - Ekstraliga"]
[Site "Sypniewo k. Jastrowia"]
[Date "2024-06-17"]
[Round "7.6"]
[White "Mataczyna, Aleksandra"]
[Black "Malicka, Magdalena"]
[Result "0-1"]
[WhiteTitle "I"]
[BlackTitle "I++"]
[WhiteElo "1723"]
[BlackElo "1729"]

1. e4 2. e5 3. Nf3 4. Nf6 5. Nxe5 6. Nxe4 7. Qe2 8. Qe7 9. Qxe4 10. d6 11. d4 12.
dxe5 13. dxe5 14. Nc6 15. Bb5 16. Bd7 17. O-O 18. O-O-O 19. Bf4 20. g5 21. Be3
22. f5 23. Qa4 24. f4 25. Bxa7 26. Qb4 27. e6 28. Be8 29. Qxb4 30. Bxb4 31. c3
32. Nxa7 33. Bxe8 34. Rhxe8 35. cxb4 36. Rxe6 37. Nc3 38. Rd2 39. Rab1 Nc6 40.
a3 41. Nd4 42. Rfd1 43. Ne2+ 44. Kf1 45. Nxc3 46. bxc3 47. Ra2 48. Ra1 49. Rc2
50. Rdc1 51. Ree2 52. Rxc2 53. Rxc2 54. c4 55. Rxc4 56. Ke2 57. Rc2+ 58. Kf3 59.
h5 60. h3 61. Rb2 62. g3 63. Rb3+ 64. Kg2 65. fxg3 66. fxg3 67. Kd7 68. Kf2 69.
b6 70. Rd1+ 71. Kc6 72. Rc1+ 73. Kb7 74. Ra1 75. c5 76. Rd1 77. Kc6 78. bxc5 79.
bxc5 80. Rd8 81. h4 82. gxh4 83. gxh4 84. Kg2 85. Rg3+ 86. Kh2 87. Rxa3 88. Rc8+
89. Kd5 90. Rd8+ 91. Kc6 92. Rc8+ 93. Kd6 94. Rd8+ 95. Kc7 96. Rd5 97. Kc6 98.
Rh5 99. Ra4 100. Kg2 101. Rf4 102. Rh8 103. c4 104. Rc8+ 105. Kb5 106. Rb8+ 107.
Kc5 108. Rc8+ 109. Kb4 110. Rb8+ 111. Kc3 112. Rc8 113. Kc2 114. Rc7 115. c3 116.
Rc8 117. Kb2 118. Rb8+ 119. Kc1 120. Rc8 121. c2 122. Rc5 123. Kb2 124. Rb5+ 125.
Kc3 126. Rc5+ 127. Rc4 0-1

[Event "Druzynowe Mistrzostwa Polski Juniorow - Ekstraliga"]
[Site "Sypniewo k. Jastrowia"]
[Date "2024-06-17"]
[Round "7.7"]
[White "Meers, Hubert"]
[Black "Ugorek, Kacper"]
[Result "1-0"]
[WhiteTitle "k"]
[BlackTitle "k"]
[WhiteElo "2304"]
[BlackElo "2185"]

1. e4 2. c6 3. Nc3 4. d5 5. Nf3 6. Nf6 7. e5 8. Ne4 9. Ne2 10. Qb6 11. d4 12. e6
13. Ng3 14. c5 15. Bd3 16. Nxg3 17. fxg3 18. h6 19. O-O 20. c4 21. Be2 22. Nc6
23. c3 24. Be7 25. Kh1 26. Bd7 27. b3 28. Na5 29. Nd2 30. Qc7 31. Qc2 32. b5 33.
Bh5 34. O-O 35. b4 36. Nc6 37. a4 38. bxa4 39. Nf3 40. Be8 41. g4 42. f5 43. Bxe8
44. Raxe8 45. g5 46. Rb8 47. gxh6 48. g6 49. h7+ 50. Kxh7 51. Ng5+ 52. Bxg5 53.
Bxg5 54. Kg8 55. Qxa4 56. Qb7 57. Bf6 58. Rf7 59. Qa2 60. Qd7 61. Qd2 62. Rh7
63. Qg5 64. Kf7 65. Rf4 66. Qe8 67. Rh4 68. Qg8 69. Rf1 70. Ke8 71. Rxh7 72. Qxh7
73. Rf3 74. Qh5 75. Qc1 76. Kd7 77. Rh3 78. Qg4 79. Rh7+ 80. Kc8 81. h3 82. Qe2
83. Qh6 84. Nd8 85. Bxd8 86. Rb7 87. Rxb7 88. Kxb7 89. Bh4 90. Qe4 91. Qh7+ 92.
Ka6 93. Qd7 94. Qxh4 95. Qc6# 1-0

[Event "Druzynowe Mistrzostwa Polski Juniorow - Ekstraliga"]
[Site "Sypniewo k. Jastrowia"]
[Date "2024-06-17"]
[Round "7.8"]
[White "Jedraszek, Pawel"]
[Black "Zielonka, Adam"]
[Result "1-0"]
[WhiteTitle "k"]
[BlackTitle "k"]
[WhiteElo "2155"]
[BlackElo "2175"]

1. Nf3 2. Nf6 3. g3 4. b6 5. Bg2 6. Bb7 7. O-O 8. e6 9. d4 10. Be7 11. c4 12. O-O
13. Re1 14. a5 15. Nc3 16. Ne4 17. Nxe4 18. Bxe4 19. Nd2 20. Bxg2 21. Kxg2 22.
d5 23. cxd5 24. exd5 25. Nf3 26. Bd6 27. Qb3 28. c6 29. Bg5 30. f6 31. Bd2 32.
a4 33. Qd3 34. f5 35. Rac1 36. Qe8 37. Bf4 38. Bxf4 39. gxf4 40. Rf6 41. Ne5 42.
Qh5 43. Qf3 44. Qxf3+ 45. Kxf3 46. Kf8 47. e3 48. Ke8 49. Rc3 50. b5 51. Rg1 52.
Ra7 53. Nd3 54. Kd8 55. Nb4 56. Rh6 57. Rgc1 58. Kd7 59. Nd3 60. Ke8 61. Ne5 62.
Ra6 63. Rg1 64. Ra7 65. Rgc1 66. Ra6 67. Kg3 68. Rf6 69. h4 70. Ke7 71. Kh3 72.
Ke8 73. Rg1 74. Ra7 75. Nd3 76. Kd8 77. Rcc1 78. Ke8 79. Nb4 80. Kd8 81. Rc2 82.
Rh6 83. Nd3 84. Ke8 85. Nc5 86. Rf6 87. b3 88. axb3 89. axb3 90. Rff7 91. Rcc1
92. Ra2 93. Ra1 94. Raa7 95. Ne6 96. g6 97. h5 98. Rxa1 99. Rxa1 100. gxh5 101.
Ra8 102. Ke7 103. Nc5 104. Nd7 105. Ra7 106. Ke8 107. Rxd7 108. Rxd7 109. Nxd7
110. Kxd7 111. b4 112. Ke7 113. Kh4 114. Kf6 115. Kxh5 116. Kg7 117. Kg5 1-0

[Event "Druzynowe Mistrzostwa Polski Juniorow - Ekstraliga"]
[Site "Sypniewo k. Jastrowia"]
[Date "2024-06-17"]
[Round "7.9"]
[White "Kraczek, Cezary"]
[Black "Goralski, Mateusz"]
[Result "1/2-1/2"]
[WhiteTitle "I+"]
[BlackTitle "II"]
[WhiteElo "2032"]
[BlackElo "1690"]

1. e4 2. c5 3. Nf3 4. d6 5. c3 6. Nf6 7. Be2 8. g6 9. O-O 10. Bg7 11. Re1 12. O-O
13. Bf1 14. Nc6 15. d4 16. cxd4 17. cxd4 18. Bg4 19. d5 20. Ne5 21. Be2 22. Bxf3
23. Bxf3 24. Nfd7 25. Nc3 26. Nxf3+ 27. Qxf3 28. Ne5 29. Qe2 30. Rc8 31. Nd1 32.
Nc4 33. Ne3 34. Qc7 35. Rb1 36. a6 37. b3 38. Nxe3 39. Bxe3 40. Qc2 41. f3 42.
Rc7 43. Rbc1 44. Qxe2 45. Rxe2 46. Rxc1+ 47. Bxc1 48. Bd4+ 49. Kf1 50. Rc8 51.
Bb2 52. Bxb2 53. Rxb2 54. Kg7 55. Ke2 56. Kf6 57. Ke3 58. g5 59. Kd4 60. Rc1 61.
Rd2 62. h6 63. g3 64. Rf1 65. Ke3 66. Re1+ 67. Kd4 68. Rf1 69. Ke3 70. Re1+ 71.
Kd3 72. Rf1 73. Ke2 74. Rh1 75. Ke3 76. Re1+ 77. Kf2 78. Rh1 79. Kg2 80. Re1 81.
Rc2 82. b5 83. Kh3 84. Rf1 85. Kg2 86. Re1 87. Kf2 88. Rh1 89. Ke3 90. Re1+ 91.
Kd4 92. Rd1+ 93. Ke3 94. Re1+ 1/2-1/2

[Event "Druzynowe Mistrzostwa Polski Juniorow - Ekstraliga"]
[Site "Sypniewo k. Jastrowia"]
[Date "2024-06-17"]
[Round "7.10"]
[White "Gora, Antoni"]
[Black "Korszanski, Stanislaw"]
[Result "0-1"]
[WhiteTitle "II"]
[BlackTitle "I+"]
[WhiteElo "1733"]
[BlackElo "1904"]

1. e4 2. e5 3. Nc3 4. Nc6 5. Bc4 6. Nf6 7. d3 8. Na5 9. Nge2 10. c6 11. Bg5 12.
Bc5 13. O-O 14. d6 15. a3 16. Nxc4 17. dxc4 18. a5 19. Qd3 20. h6 21. Be3 22.
Bxe3 23. Qxe3 24. Be6 25. b3 26. O-O 27. Rad1 28. Qc7 29. Ng3 30. Rfd8 31. Rfe1
32. Nd7 33. Rd2 34. Rab8 35. Red1 36. Nc5 37. a4 38. Bg4 39. f3 40. Be6 41. f4
42. f6 43. f5 44. Bf7 45. Qf3 46. Na6 47. Qg4 48. Rd7 49. Nh5 50. Bxh5 51. Qxh5
52. Qb6+ 53. Kh1 54. Nb4 55. Qf3 56. Rbd8 57. h3 58. Qc5 59. Kh2 60. Qb6 61. Ne2
62. Qc5 63. Nc3 64. Qb6 65. h4 66. Qc5 67. Kg3 68. Na6 69. Kh3 70. Nc7 71. Kh2
72. Qb4 73. Rd3 74. d5 75. cxd5 76. cxd5 77. Nxd5 78. Nxd5 79. Rxd5 80. Rxd5 81.
Rxd5 82. Rxd5 83. exd5 84. Qxh4+ 85. Kg1 86. Qd4+ 87. Kh2 88. e4 89. Qh5 90. Qe5+
91. g3 92. e3 93. d6 94. e2 95. d7 96. Qxg3+ 97. Kxg3 98. e1=Q+ 99. Kh3 100. Qe3+
101. Kh4 102. Qd4+ 103. Qg4 104. Qxd7 105. Qc4+ 106. Kh7 107. Qe4 108. Qd2 109.
Kg3 110. Qc3+ 111. Kf2 112. b6 113. Kg2 114. Qb4 115. Qd3 116. Qg4+ 117. Kf2 118.
h5 119. c3 120. h4 121. Qd5 122. h3 123. b4 124. h2 125. Qh1 126. Qxf5+ 127. Kg3
128. Qg5+ 129. Kxh2 130. Qh5+ 131. Kg2 132. Qxh1+ 133. Kxh1 134. Kg6 135. b5 136.
Kf7 137. c4 138. Ke7 139. c5 140. bxc5 141. Kg2 142. g5 143. Kf3 144. f5 145.
Ke3 146. g4 147. Kf4 148. Kd6 149. Ke3 150. g3 151. Kf3 152. f4 153. Ke2 154.
g2 155. Kf2 156. f3 157. Kg1 158. c4 0-1

[Event "Druzynowe Mistrzostwa Polski Juniorow - Ekstraliga"]
[Site "Sypniewo k. Jastrowia"]
[Date "2024-06-17"]
[Round "7.11"]
[White "Zabrzanska, Weronika"]
[Black "Uliasz, Katarzyna"]
[Result "1/2-1/2"]
[WhiteTitle "WFM"]
[BlackTitle "I++"]
[WhiteElo "1986"]
[BlackElo "1762"]

1. e4 2. d6 3. d4 4. Nf6 5. Bd3 6. e5 7. c3 8. g6 9. f4 10. Bh6 11. fxe5 12. Bxc1
13. Qxc1 14. dxe5 15. Nf3 16. Nh5 17. O-O 18. exd4 19. cxd4 20. Bg4 21. Qe3 22.
Bxf3 23. Rxf3 24. O-O 25. Rh3 26. Nc6 27. d5 28. Ne5 29. Be2 30. Nf6 31. Nd2 32.
h5 33. Rf1 34. Qd6 35. Qg3 36. Nfg4 37. Qf4 38. f5 39. Nf3 40. Qc5+ 41. Kh1 42.
Nf2+ 43. Rxf2 44. Qxf2 45. Qxe5 46. Qxe2 47. Rg3 48. Qf1+ 49. Ng1 50. Qa6 51.
exf5 52. Rf6 53. fxg6 54. Rxg6 55. d6 56. Rxg3 57. Qxg3+ 58. Kf7 59. Qb3+ 60.
Kf6 61. Qc3+ 62. Ke6 63. dxc7 64. Qc6 65. Qg3 66. Kd7 1/2-1/2

[Event "Druzynowe Mistrzostwa Polski Juniorow - Ekstraliga"]
[Site "Sypniewo k. Jastrowia"]
[Date "2024-06-17"]
[Round "7.12"]
[White "Skorupa, Antonina"]
[Black "Polakiewicz, Blanka"]
[Result "1-0"]
[WhiteTitle "I"]
[BlackTitle "I+"]
[WhiteElo "1619"]
[BlackElo "1632"]

1. c4 2. e5 3. Nc3 4. Nc6 5. Nf3 6. f5 7. d4 8. e4 9. Nd2 10. Nf6 11. e3 12. Bb4
13. Qc2 14. O-O 15. Be2 16. d6 17. O-O 18. Qe8 19. Nb5 20. Qf7 21. a3 22. Bxd2
23. Bxd2 24. a6 25. Nc3 26. g5 27. h3 28. Qg6 29. f3 30. Re8 31. fxe4 32. fxe4
33. Nd5 34. Nxd5 35. cxd5 36. Ne7 37. Qxc7 38. Nxd5 39. Bc4 40. Qe6 41. Qa5 42.
b5 43. Bxb5 44. axb5 45. Qxa8 46. Bd7 47. Qa5 48. Bc6 49. Bc1 50. b4 51. Qa6 52.
Bd7 53. Qe2 54. Qg6 55. axb4 56. Rb8 57. Qc4 58. Be6 59. Qc6 60. Rb6 61. Qa8+
62. Kg7 63. Qf8# 1-0

[Event "Druzynowe Mistrzostwa Polski Juniorow - Ekstraliga"]
[Site "Sypniewo k. Jastrowia"]
[Date "2024-06-17"]
[Round "7.13"]
[White "Karolczuk, Iwo"]
[Black "Raczek, Krzysztof"]
[Result "1/2-1/2"]
[WhiteTitle "FM"]
[BlackTitle "FM"]
[WhiteElo "2293"]
[BlackElo "2342"]

1. d4 2. Nf6 3. Bf4 4. d5 5. Nf3 6. e6 7. e3 8. Bd6 9. Bg3 10. O-O 11. Nbd2 12.
b6 13. c4 14. Bb7 15. Rc1 16. Ne4 17. Bxd6 18. cxd6 19. cxd5 20. Nxd2 21. Qxd2
22. Bxd5 23. Bc4 24. Bxf3 25. gxf3 26. Qh4 27. O-O 28. Qh3 29. Qe2 30. Nd7 31.
Kh1 32. Nf6 33. Rg1 34. Rac8 35. Rg3 36. Qh5 37. Rcg1 38. g6 39. Rg5 40. Qh4 41.
Bd3 42. Rc7 43. f4 44. Rfc8 45. R5g3 46. Rc1 47. Qf3 48. Kf8 49. h3 50. Qh5 51.
Qxh5 52. Nxh5 53. Rg2 54. Nf6 55. Rxc1 56. Rxc1+ 57. Rg1 58. Rxg1+ 59. Kxg1 60.
Nd5 61. Kg2 62. Nb4 63. Bb1 64. Ke7 65. Kf3 66. d5 67. Kg4 68. Kf6 69. Kg3 70.
Kg7 71. Kf3 72. Kh6 73. Kg4 74. Kg7 75. Kg3 76. Kf6 77. Kg4 78. h6 79. Kg3 80.
Ke7 81. Kf3 82. f5 83. h4 84. Nc6 85. Bd3 86. Nb4 87. Bb1 88. Kf6 89. Kg3 90.
Nc6 1/2-1/2

[Event "Druzynowe Mistrzostwa Polski Juniorow - Ekstraliga"]
[Site "Sypniewo k. Jastrowia"]
[Date "2024-06-17"]
[Round "7.14"]
[White "Warchol, Kamil"]
[Black "Backiel, Hubert"]
[Result "1-0"]
[WhiteTitle "FM"]
[BlackTitle "k"]
[WhiteElo "2164"]
[BlackElo "2200"]

1. e4 2. c5 3. Nf3 4. e6 5. d4 6. cxd4 7. Nxd4 8. Nc6 9. Nc3 10. Qc7 11. Qd3 12.
a6 13. Nxc6 14. bxc6 15. Qg3 16. Qxg3 17. hxg3 18. d5 19. g4 20. Nf6 21. g5 22.
Nd7 23. Be3 24. Bb4 25. O-O-O 26. Bb7 27. Rh4 28. Be7 29. Be2 30. h6 31. Rh2 32.
O-O-O 33. gxh6 34. gxh6 35. Rxh6 Rxh6 36. Bxh6 37. Nb6 38. exd5 39. cxd5 40. Be3
41. Kc7 42. Bf4+ 43. Bd6 44. Bxd6+ 45. Rxd6 46. Bf3 47. e5 48. g3 49. e4 50. Bg2
51. Rf6 52. Rd2 53. Rh6 54. Ne2 55. Nc4 56. Rd1 57. Ne5 58. Nf4 59. Rd6 60. Rd4
61. a5 62. b3 63. Bc6 64. Kb2 65. Rd7 66. Kc3 67. Kb6 68. a3 69. Rc7 70. Kd2 71.
Kc5 72. c3 73. Rd7 74. Kc2 75. Bb5 76. Rd1 77. Rd6 78. Bf1 79. Bd7 80. b4+ 81.
axb4 82. axb4+ 83. Kc6 84. Ra1 85. Kb7 86. Ra5 87. Bc6 88. Bb5 89. Nd7 90. Kd2
91. Bxb5 92. Rxb5+ 93. Kc6 94. Ra5 95. d4 96. c4 97. Nb6 98. Kd1 99. Rh6 100.
Rc5+ 101. Kd7 102. Nd5 103. Na4 104. Rc7+ 105. Kd8 106. b5 107. Nc3+ 108. Nxc3
109. Kxc7 110. Nxe4 111. Kb6 112. Ke2 113. Rh2 114. Nd2 115. Rh1 116. Kd3 117.
Kc5 118. Ne4+ 119. Kb4 120. Kxd4 121. Rd1+ 122. Ke5 123. Kxc4 124. b6 125. Rb1
126. Nd2+ 1-0

[Event "Druzynowe Mistrzostwa Polski Juniorow - Ekstraliga"]
[Site "Sypniewo k. Jastrowia"]
[Date "2024-06-17"]
[Round "7.15"]
[White "Chiszko, Oskar"]
[Black "Radzimski, Antoni"]
[Result "1-0"]
[WhiteTitle "I"]
[BlackTitle "k"]
[WhiteElo "2045"]
[BlackElo "2224"]

1. d4 2. Nf6 3. Nf3 4. d5 5. c3 6. Bf5 7. Qb3 8. Qc8 9. c4 10. e6 11. Nc3 12. c6
13. Bf4 14. Be7 15. e3 16. O-O 17. Be2 18. Nbd7 19. O-O 20. Ne4 21. Rac1 22. Ndf6
23. Rfd1 24. Rd8 25. Nh4 26. Nxc3 27. bxc3 28. Bg6 29. Nxg6 30. hxg6 31. cxd5
32. exd5 33. c4 34. Qd7 35. cxd5 36. Nxd5 37. Bg3 38. b5 39. e4 40. Nf6 41. d5
42. cxd5 43. Bxb5 44. Qe6 45. Bc7 46. Nxe4 47. Bxd8 48. Rxd8 49. Bc6 50. Nf6 51.
Re1 52. Qd6 53. Qg3 54. Qxg3 55. hxg3 56. Ba3 57. Rc2 58. d4 59. Rd1 60. Rd6 61.
Bf3 62. Nd7 63. Rc8+ 64. Kh7 65. Rc6 66. Rxc6 67. Bxc6 68. Ne5 69. Bb5 70. Bb2
71. Kf1 72. Bc3 73. Ke2 74. g5 75. Ba6 76. Nc6 77. Rb1 78. Nb4 79. Bd3+ 80. g6
81. a3 82. Nc6 83. Rb7 84. Kg7 85. Rc7 86. Na5 87. Rxa7 88. Kf6 89. f4 90. gxf4
91. gxf4 92. Ke6 93. g4 94. Nc6 95. Bc4+ 1-0

[Event "Druzynowe Mistrzostwa Polski Juniorow - Ekstraliga"]
[Site "Sypniewo k. Jastrowia"]
[Date "2024-06-17"]
[Round "7.16"]
[White "Lecki, Leonard"]
[Black "Wojtacha, Krzysztof"]
[Result "1/2-1/2"]
[WhiteTitle "k"]
[BlackTitle "I"]
[WhiteElo "2010"]
[BlackElo "1826"]

1. e4 2. c5 3. Nf3 4. Nc6 5. b4 6. cxb4 7. d4 8. d6 9. a3 10. bxa3 11. d5 12. Ne5
13. Nxe5 14. dxe5 15. Nxa3 16. e6 17. Bb5+ 18. Bd7 19. dxe6 20. Bb4+ 21. Bd2 22.
Bxd2+ 23. Qxd2 24. fxe6 25. Qb4 26. Nf6 27. Nc4 28. Bxb5 29. Nd6+ 30. Kf8 31.
Nxb7+ 32. Qe7 33. Qxb5 34. Nxe4 35. O-O 36. Rb8 37. Rxa7 38. Nd6 39. Qc6 40. Nc8
41. Rfa1 Nxa7 42. Rxa7 43. g6 44. h4 45. Kg7 46. Qc3 47. Rxb7 48. Qxe5+ 49. Kg8
50. Ra8+ 51. Kf7 52. Qf4+ 53. Kg7 54. Qe5+ 55. Kf7 56. Qf4+ 57. Kg7 58. Qe5+ 59.
Kf7 1/2-1/2

[Event "Druzynowe Mistrzostwa Polski Juniorow - Ekstraliga"]
[Site "Sypniewo k. Jastrowia"]
[Date "2024-06-17"]
[Round "7.17"]
[White "Szczotka, Klara"]
[Black "Wojs, Alicja"]
[Result "1/2-1/2"]
[WhiteTitle "k++"]
[BlackTitle "k"]
[WhiteElo "2006"]
[BlackElo "1907"]

1. e4 2. c5 3. Nf3 4. e6 5. d4 6. cxd4 7. Nxd4 8. Nc6 9. Nc3 10. Qc7 11. a3 12.
a6 13. Be3 14. Nf6 15. f4 16. d6 17. Qf3 18. Be7 19. Rg1 20. Bd7 21. O-O-O 22.
Rc8 23. g4 24. h6 25. h4 26. d5 27. exd5 28. Nxd5 29. Nxd5 30. exd5 31. Rd2 32.
O-O 33. g5 34. hxg5 35. hxg5 36. Nxd4 37. Bxd4 38. Bf5 39. c3 40. Bc5 41. Bh3
42. Bxd4 43. Rxd4 44. Be4 45. Qf2 46. Rcd8 47. g6 48. Rd6 49. gxf7+ 50. Qxf7 51.
Rf1 52. Rf6 53. Qd2 54. Rxf4 55. Rxf4 56. Qxf4 57. Be6+ 58. Kh7 59. Qxf4 60. Rxf4
61. Bxd5 62. Rf1+ 63. Kd2 64. Bxd5 65. Rxd5 66. Rf2+ 67. Kc1 68. b5 69. Kb1 70.
Kg6 71. a4 72. Rf5 73. Rd6+ 74. Rf6 75. Rd5 76. Rf5 77. Rd6+ 78. Rf6 79. Rd5 80.
Rf5 81. Rd6+ 1/2-1/2

[Event "Druzynowe Mistrzostwa Polski Juniorow - Ekstraliga"]
[Site "Sypniewo k. Jastrowia"]
[Date "2024-06-17"]
[Round "7.18"]
[White "Figa, Karolina"]
[Black "Piekutowska, Lena"]
[Result "1/2-1/2"]
[WhiteTitle "I++"]
[BlackTitle "I"]
[WhiteElo "1760"]
[BlackElo "1634"]

1. d4 2. Nf6 3. c4 4. e6 5. Nf3 6. b6 7. g3 8. Bb7 9. Bg2 10. Bb4+ 11. Bd2 12.
Be7 13. Nc3 14. O-O 15. O-O 16. d5 17. Ne5 18. c6 19. Bf4 20. Nbd7 21. e4 22.
Nxe4 23. Nxe4 24. dxe4 25. Bxe4 26. Nxe5 27. Bxe5 28. f5 29. Bg2 30. Bf6 31. Qe2
32. Qd7 33. Rad1 34. Rad8 35. Rfe1 36. Ba6 37. b3 38. Bb7 39. f4 40. Kh8 41. g4
42. Bxe5 43. dxe5 44. Qe7 45. gxf5 46. Rxf5 47. Rxd8+ 48. Qxd8 49. Rd1 50. Qe7
51. Rd6 52. Rxf4 53. Qd2 54. Rf8 55. b4 56. Bc8 57. Bxc6 58. Qf7 59. Bg2 60. Qe7
61. c5 62. bxc5 63. bxc5 64. Qh4 65. c6 66. Qe7 67. Qa5 68. Qg5 69. Qc5 70. Qh4
71. Rd1 72. Kg8 73. c7 74. Qg5 75. h3 76. Bb7 77. Qc2 78. Bxg2 79. Qxg2 80. Qe3+
81. Kh1 82. Qxe5 83. Rc1 84. Rc8 85. Qc2 86. Qd5+ 1/2-1/2

[Event "Druzynowe Mistrzostwa Polski Juniorow - Ekstraliga"]
[Site "Sypniewo k. Jastrowia"]
[Date "2024-06-17"]
[Round "7.19"]
[White "Cieslak, Patryk"]
[Black "Chyzy, Jakub"]
[Result "1/2-1/2"]
[WhiteTitle "FM"]
[BlackTitle "FM"]
[WhiteElo "2358"]
[BlackElo "2335"]

1. Nf3 2. Nf6 3. c4 4. e6 5. g3 6. d5 7. Bg2 8. Be7 9. d4 10. O-O 11. O-O 12. dxc4
13. Qc2 14. a6 15. a4 16. Bd7 17. Rd1 18. Bc6 19. Bg5 20. Be4 21. Qxc4 22. Nc6
23. Nbd2 24. Bd5 25. Qc2 26. Nb4 27. Qc3 28. Ne4 29. Nxe4 30. Bxe4 31. Qxb4 32.
Bxb4 33. Bxd8 34. Rfxd8 35. Ne5 36. Bxg2 37. Kxg2 38. f6 39. Nd3 40. Be7 41. e3
42. Rd7 43. Kf3 44. a5 45. Rac1 46. c6 47. Ke2 48. Kf7 49. g4 50. Rd5 51. Nf4
52. Rd7 53. Nd3 54. Rd5 55. Nf4 56. Rd7 57. h3 58. Ra6 59. Nd3 60. Rb6 61. Rc4
62. Rd8 63. Kd2 64. e5 65. Kc3 66. exd4+ 67. Rxd4 68. Rxd4 69. Kxd4 70. Ra6 71.
Kc4 72. Ra8 73. Nf4 74. Rb8 75. Rd7 76. b5+ 77. axb5 78. cxb5+ 79. Kb3 80. a4+
81. Ka2 82. Rd8 83. Ra7 84. Rd2 85. Kb1 86. Ke8 87. Ne6 88. b4 89. Kc1 90. Rxf2
91. Nxg7+ 92. Kf8 93. Nf5 94. Bc5 95. Rxa4 96. Rf3 97. h4 98. h5 99. Ra8+ 100.
Kf7 101. Ra5 102. Bxe3+ 103. Nxe3 104. Rxe3 105. Rxh5 106. Re4 107. g5 108. fxg5
109. hxg5 110. Kg6 111. Rh8 112. Kxg5 113. Rf8 114. Re3 115. Kd2 116. Rh3 117.
Kc2 118. b3+ 119. Kd2 120. Kg4 121. Rf7 122. Kg5 123. Rf8 124. Kg4 125. Rd8 126.
Kf4 127. Rd3 128. Rh2+ 129. Kc3 130. Ke4 131. Rd4+ 132. Ke5 133. Rd3 134. Ke4
135. Rd4+ 136. Ke5 137. Rd8 138. Rh3+ 139. Kc4 140. Ke6 141. Rd2 142. Ke5 143.
Kb4 144. Ke6 145. Kc4 146. Ke5 147. Rd5+ 148. Ke6 149. Rb5 150. Kd6 151. Rxb3
152. Rh5 1/2-1/2

[Event "Druzynowe Mistrzostwa Polski Juniorow - Ekstraliga"]
[Site "Sypniewo k. Jastrowia"]
[Date "2024-06-17"]
[Round "7.20"]
[White "Krawczyk, Flawian"]
[Black "Maslanka, Wojciech"]
[Result "1/2-1/2"]
[WhiteTitle "CM"]
[BlackTitle "k"]
[WhiteElo "2311"]
[BlackElo "2103"]

1. e4 2. c5 3. Nf3 4. d6 5. Bb5+ 6. Bd7 7. Bxd7+ 8. Qxd7 9. c4 10. Nf6 11. Nc3
12. Nc6 13. d4 14. cxd4 15. Nxd4 16. g6 17. f3 18. Bg7 19. Be3 20. O-O 21. Nde2
22. Rab8 23. O-O 24. a6 25. a4 26. Qc7 27. b3 28. e6 29. Rc1 30. Rbd8 31. Qd2
32. Nd7 33. Rfd1 34. Nc5 35. Rb1 36. Nb4 37. Na2 38. Nxa2 39. Qxa2 40. a5 41.
Nd4 42. Bxd4 43. Bxd4 44. f5 45. exf5 46. Rxf5 47. Qe2 48. Re8 49. Bf2 50. e5
51. Qd2 52. Rf6 53. Qd5+ 54. Rfe6 55. Re1 56. Qc6 57. Bxc5 58. Qxc5+ 59. Qxc5
60. dxc5 61. Rbd1 62. b6 63. Rd7 64. R8e7 65. Rd5 66. Kf7 67. Kf2 68. Kf6 69.
Ke3 70. Kf5 71. Red1 72. h5 73. h4 74. g5 75. hxg5 76. Kxg5 77. Rd8 78. Rg7 79.
Rh8 80. Rgg6 81. Ke4 82. Kf6 83. Rd7 84. Re7 85. Rxe7 86. Kxe7 87. Rxh5 88. Rxg2
89. Rh6 90. Re2+ 91. Kd5 92. Re3 93. Rxb6 94. Rxf3 95. Kxc5 96. Rd3 97. b4 98.
axb4 99. Rxb4 100. e4 101. Rb1 102. e3 103. a5 104. e2 105. Re1 106. Rd2 107.
a6 108. Kd7 109. a7 110. Ra2 111. Rxe2 112. Rxa7 113. Kb6 114. Ra1 115. Rd2+ 116.
Kc8 117. Rh2 118. Ra3 119. c5 120. Rb3+ 121. Kc6 122. Kb8 123. Rh8+ 124. Ka7 125.
Rd8 126. Rg3 127. Kc7 128. Rg7+ 129. Rd7 130. Rg8 131. Re7 132. Ka6 133. c6 134.
Rh8 135. Rg7 136. Rf8 137. Rd7 138. Rh8 139. Re7 140. Rg8 141. Kd6 142. Rg6+ 143.
Kd7 144. Rg8 145. Kc7 146. Rh8 147. Rg7 148. Rf8 149. Rg1 150. Rf7+ 151. Kd6 152.
Rf6+ 153. Kd7 154. Rf7+ 155. Ke6 156. Rh7 157. Rb1 158. Rh6+ 159. Kd5 160. Rh5+
161. Kd4 162. Rh4+ 163. Kd3 164. Rh3+ 165. Ke4 166. Rh4+ 167. Ke5 168. Rh5+ 169.
Kf4 170. Rc5 171. Ke4 1/2-1/2

[Event "Druzynowe Mistrzostwa Polski Juniorow - Ekstraliga"]
[Site "Sypniewo k. Jastrowia"]
[Date "2024-06-17"]
[Round "7.21"]
[White "Brzezina, Piotr"]
[Black "Sowinski, Pawel"]
[Result "1-0"]
[WhiteTitle "FM"]
[BlackTitle "FM"]
[WhiteElo "2298"]
[BlackElo "2428"]

1. e4 2. e5 3. Nf3 4. Nc6 5. Bb5 6. a6 7. Ba4 8. Nf6 9. O-O 10. Nxe4 11. d4 12.
b5 13. Bb3 14. d5 15. dxe5 16. Be6 17. Qe2 18. Bc5 19. Nbd2 20. Bf5 21. Nxe4 22.
Bxe4 23. Be3 24. Bxe3 25. Qxe3 26. Bxf3 27. Qxf3 28. Ne7 29. Rad1 30. c6 31. c3
32. O-O 33. Bc2 34. Qd7 35. Qh5 36. g6 37. Qg5 38. Qe6 39. Rde1 40. Rae8 41. Re3
42. Kh8 43. Rfe1 44. Rd8 45. f4 46. c5 47. Rh3 48. f5 49. Qh4 50. Rf7 51. Qf2
52. c4 53. Bd1 54. Rd7 55. Rhe3 56. d4 57. cxd4 58. Rxd4 59. Ra3 60. Rd7 61. Bf3
62. Rf8 63. Rd1 64. Rxd1+ 65. Bxd1 66. Nd5 67. Qd4 68. Rf7 69. Bf3 70. Nb4 71.
Qd8+ 72. Kg7 73. Qa5 74. Qe7 75. Qb6 76. Rf8 77. Ra5 78. Kh6 79. a3 80. Nd3 81.
Rxa6 82. Rb8 83. Qe3 84. Nxb2 85. Ra7 86. Qh4 87. g4 88. fxg4 89. f5+ 90. g5 91.
Bd5 1-0

[Event "Druzynowe Mistrzostwa Polski Juniorow - Ekstraliga"]
[Site "Sypniewo k. Jastrowia"]
[Date "2024-06-17"]
[Round "7.22"]
[White "Golis, Wiktor"]
[Black "Brzezina, Pawel"]
[Result "1/2-1/2"]
[WhiteTitle "I++"]
[BlackTitle "I"]
[WhiteElo "2228"]
[BlackElo "1955"]

1. e4 2. e5 3. Nf3 4. Nc6 5. Bb5 6. Nf6 7. O-O 8. Nxe4 9. Re1 10. Nd6 11. Nxe5
12. Be7 13. Bf1 14. Nxe5 15. Rxe5 16. O-O 17. d4 18. Bf6 19. Re1 20. Nf5 21. c3
22. d5 23. Bd3 24. c6 25. Bf4 26. Bg5 27. Qd2 28. Bxf4 29. Qxf4 30. Nd6 31. Nd2
32. Be6 33. Nf3 34. h6 35. Re2 36. Ne8 37. Rae1 38. Qf6 39. Qg3 40. Rd8 41. Ne5
42. Nd6 43. h3 44. Bf5 45. Ng4 46. Bxg4 47. Qxg4 48. Qg5 49. Qxg5 50. hxg5 51.
Re5 52. Rfe8 53. Kf1 54. Rxe5 55. Rxe5 56. g4 57. hxg4 58. Re8 59. Rxe8+ 60. Nxe8
61. Ke2 62. g5 63. b3 64. f6 65. c4 66. Kf7 67. Bf5 68. Ke7 69. Kd3 70. Kd6 71.
g3 72. Ng7 73. Kc3 74. Ne8 75. Bh7 76. Nc7 77. Bg8 78. a5 79. b4 80. a4 81. c5+
82. Kd7 83. Bh7 84. Nb5+ 85. Kd3 86. Kc7 1/2-1/2

[Event "Druzynowe Mistrzostwa Polski Juniorow - Ekstraliga"]
[Site "Sypniewo k. Jastrowia"]
[Date "2024-06-17"]
[Round "7.23"]
[White "Oborska, Magda"]
[Black "Natoli, Alessia"]
[Result "1/2-1/2"]
[WhiteTitle "I++"]
[BlackTitle "k"]
[WhiteElo "1772"]
[BlackElo "1923"]

1. e4 2. c5 3. Nc3 4. Nc6 5. Bb5 6. e6 7. Bxc6 8. dxc6 9. Nf3 10. Nf6 11. O-O 12.
Be7 13. d3 14. O-O 15. a4 16. Bd7 17. Ne5 18. b5 19. f4 20. Bd6 21. Nxf7 22. Rxf7
23. e5 24. b4 25. Ne2 26. Be7 27. exf6 28. Bxf6 29. Ng3 30. Bd4+ 31. Kh1 32. e5
33. f5 34. Qf8 35. Qd2 36. c4 37. c3 38. bxc3 39. bxc3 40. Bc5 41. d4 42. Bd6
43. dxe5 44. Bxe5 45. Ba3 46. Qc8 47. Qe3 48. Qc7 49. Rae1 50. Bxg3 51. Qxg3 52.
Qxg3 53. hxg3 54. Rxf5 55. Rxf5 56. Bxf5 57. Re5 58. Bc2 59. a5 60. a6 1/2-1/2